Normal view
MARC view
Entry Topical Term
001 - CONTROL NUMBER
- control field: 3041
003 - CONTROL NUMBER IDENTIFIER
- control field: OSt
005 - DATE AND TIME OF LATEST TRANSACTION
- control field: 20240823130703.0
008 - FIXED-LENGTH DATA ELEMENTS
- fixed length control field: 240823|| aca||aabn | a|a d
040 ## - CATALOGING SOURCE
- Original cataloging agency: OSt
- Transcribing agency: OSt
150 ## - HEADING--TOPICAL TERM
- Topical term or geographic name entry element: Pathology and patient
670 ## - SOURCE DATA FOUND
- Source citation: Work cat.: (OSt): Cameron, Michelle H. 3039, Physical agents in rehabilitation:, 2018
